000 00254nam a2200109 4500
082 _a650.1422SKE
100 _aSkeats, Judy
245 _aHow to Scceed in Interviews
260 _aNew Delhi:
_bCompetition Review,
_c1997.
300 _a125p. ;
942 _cBK
999 _c11328
_d11328